[Event "Liape Magistral 10-B email"]
[Site "Liape email"]
[Date "2002.10.27"]
[Round "8"]
[White "Morella Cabrera, Juan"]
[Black "Lado Rodriguez, Ramon"]
[Result "0-1"]
[WhiteElo "1600"]
[BlackElo "1600"]
[PlyCount "34"]
[EventDate "2002.10.20"]
[EventType "tourn (corr)"]
[EventRounds "7"]
[EventCountry "ARG"]
[SourceTitle "Corr 2006"]
[Source "ChessBase"]
[SourceDate "2006.04.01"]
[SourceVersion "3"]
[SourceVersionDate "2006.04.01"]
[SourceQuality "1"]

1. e4 e5 2. Nf3 Nc6 3. Bc4 Nf6 4. d3 d5 5. exd5 Nxd5 6. 0-0 Bg4 7. h3 Bh5 8. Re1 Bb4 9. c3 Be7 10. g4 Bg6 11. Nxe5 Nxe5 12. Rxe5 Nb6 13. Qe2 Nxc4 14. dxc4 Kf8 15. Rd5 Qe8 16. Bf4 c6 17. Rd1 h6 0-1

[Event "Liape Magistral 10-B email"]
[Site "Liape email"]
[Date "2002.10.25"]
[Round "6"]
[White "Morella Cabrera, Juan"]
[Black "Hebbelynck, Denis"]
[Result "0-1"]
[WhiteElo "1600"]
[BlackElo "1600"]
[PlyCount "28"]
[EventDate "2002.10.20"]
[EventType "tourn (corr)"]
[EventRounds "7"]
[EventCountry "ARG"]
[SourceTitle "Corr 2006"]
[Source "ChessBase"]
[SourceDate "2006.04.01"]
[SourceVersion "3"]
[SourceVersionDate "2006.04.01"]
[SourceQuality "1"]

1. e4 e5 2. Nf3 Nc6 3. Bc4 f6 4. 0-0 Nge7 5. d4 exd4 6. Nxd4 d6 7. Ne6 Bxe6 8. Bxe6 Ng6 9. Nc3 Qe7 10. Nd5 Qd8 11. Qh5 Nd4 12. Bf5 Nxf5 13. exf5 Kf7 14. fxg6+ Kg8 0-1

[Event "Liape Magistral 10-B email"]
[Site "Liape email"]
[Date "2002.10.21"]
[Round "2"]
[White "Venturas, Bob"]
[Black "Morella Cabrera, Juan"]
[Result "0-1"]
[WhiteElo "1600"]
[BlackElo "1600"]
[PlyCount "64"]
[EventDate "2002.10.20"]
[EventType "tourn (corr)"]
[EventRounds "7"]
[EventCountry "ARG"]
[SourceTitle "Corr 2006"]
[Source "ChessBase"]
[SourceDate "2006.04.01"]
[SourceVersion "3"]
[SourceVersionDate "2006.04.01"]
[SourceQuality "1"]

1. e4 c5 2. c4 Nc6 3. Nc3 e6 4. d3 Nge7 5. Bg5 h6 6. Bh4 d6 7. h3 Qc7 8. Nge2 e5 9. a3 g5 10. Bg3 Bg7 11. h4 Be6 12. hxg5 hxg5 13. Rxh8+ Bxh8 14. Qd2 Bf6 15. Nb5 Qd7 16. 0-0-0 Ng6 17. f3 Bd8 18. Bf2 f6 19. g3 Ba5 20. Qc2 a6 21. Nbc3 Nd4 22. Bxd4 cxd4 23. Nd5 Bxd5 24. exd5 0-0-0 25. Ng1 Kb8 26. Bh3 f5 27. b4 Bc7 28. Ne2 Rh8 29. Rh1 Bd8 30. Kb2 Bf6 31. g4 e4 32. dxe4 d3+ 0-1